| 000 | 00976nam a2200229 a 4500 | ||
|---|---|---|---|
| 001 | 42992 | ||
| 003 | BD-RjUL | ||
| 005 | 20211209053628.0 | ||
| 008 | 160618s1993 bg ||||| |||| 00| 0 ben d | ||
| 020 | _c: Tk. 55.00 | ||
| 035 | _a(BD-RjUL)43110 | ||
| 040 |
_aBD-RjUL _bben _cBD-RjUL |
||
| 041 | _aben | ||
| 082 |
_223 _a891.44409 _bRAR 1993 |
||
| 100 | 1 | 0 |
_aরহমান, শেখ আতাউর _9132022 |
| 245 | 1 | 0 |
_aরবীন্দ্রনাথ ও অন্যান্য ভাবনা / _cশেখ আতাউর রহমান |
| 260 |
_aবগুড়া : _bঅর্কেস্ট্রাপ্রকাশ, _c১৯৯৩ |
||
| 300 |
_a[৬], ৭৪ পৃ. ; _c২২ সেমি. |
||
| 600 |
_aঠাকুর, রবীন্দ্রনাথ _d১৮৬১-১৯৪১ _xসমালোচনা ও ব্যাখ্যা _9132194 |
||
| 600 |
_aTagore, Rabindranath, _d1861-1941 _xCriticism and interpretation _9132195 |
||
| 942 |
_2ddc _cBK |
||
| 999 |
_c42992 _d42992 |
||